Zambia- a Basic Economic Report: annex 4: a long-run projection model (Record no. 83366)

MARC details
000 -LEADER
fixed length control field 00761nam a2200169 a 4500
008 - FIXED-LENGTH DATA ELEMENTS--GENERAL INFORMATION
fixed length control field 120416s1977 ||||||||||||||||| || u
050 ## - LIBRARY OF CONGRESS CALL NUMBER
Classification number IBRD(02)
110 ## - MAIN ENTRY--CORPORATE NAME
Corporate name or jurisdiction name as entry element World Bank
245 10 - TITLE STATEMENT
Title Zambia- a Basic Economic Report: annex 4: a long-run projection model
260 ## - PUBLICATION, DISTRIBUTION, ETC.
Place of publication, distribution, etc. Washington D.C.
Name of publisher, distributor, etc. World Bank
Date of publication, distribution, etc. 1977
300 ## - PHYSICAL DESCRIPTION
Extent 43p. : ill.
350 ## -
-- 0.00
650 #0 - SUBJECT ADDED ENTRY--TOPICAL TERM
Topical term or geographic name entry element ZAMBIA--ECONOMIC CONDITIONS--1964-
650 ## - SUBJECT ADDED ENTRY--TOPICAL TERM
Topical term or geographic name entry element ZAMBIA
995 ## -
-- SPECIAL COLLECTIONS
-- 0.00
-- IBRD(02)1977/ 4A
-- CBU-MAIN LIBRARY (Kitwe)
-- 1
-- 0.00
-- IBRD(02)1977/ 4A
-- 1
-- AVAILABLE
-- 55699
-- International Publications
995 ## -
-- SPECIAL COLLECTIONS
-- 0.00
-- IBRD(02)1977/ 4B
-- CBU-MAIN LIBRARY (Kitwe)
-- 1
-- 0.00
-- IBRD(02)1977/ 4B
-- 1
-- AVAILABLE
-- Apr 25, 2007
-- 55700
-- International Publications
999 ## -
-- 83366
-- 83366
Holdings
Withdrawn status Lost status Source of classification or shelving scheme Damaged status Not for loan Permanent Location Current Location Shelving location Date acquired Total Checkouts Full call number Barcode Date last seen Copy number Price effective from Koha item type
          CBU-MAIN LIBRARY, KITWE. CBU-MAIN LIBRARY, KITWE.   10/30/2023   IBRD(02)1977/4A 55699 10/30/2023 1 10/30/2023 SPECIAL COLLECTION
          CBU-MAIN LIBRARY, KITWE. CBU-MAIN LIBRARY, KITWE.   10/30/2023   IBRD(02)1977/4B 55700 10/30/2023 2 10/30/2023 SPECIAL COLLECTION